[Event "Quebec op"]
[Site "Montreal CAN"]
[Date "1989.07.22"]
[Round "1"]
[White "Gaudreau, Alain"]
[Black "Gaulin, Gaetan"]
[Result "0-1"]
[WhiteElo "1739"]
[BlackElo "1957"]
[PlyCount "110"]
[GameId "2160767912502528"]
[EventDate "1989.07.22"]
[EventType "swiss"]
[EventRounds "8"]
[EventCountry "CAN"]
[SourceTitle "hb 2009.04"]

1. e4 c5 2. Nf3 Nc6 3. d4 cxd4 4. Nxd4 Nf6 5. Nc3 e5 6. Nb3 Be7 7. Be2 O-O 8. Be3 d6 9. g4 Be6 10. g5 Nd7 11. Qd2 a5 12. Rd1 a4 13. Nc1 Nd4 14. Bxd4 exd4 15. Qxd4 Bxg5 16. Qxd6 Qf6 17. Nd3 a3 18. e5 Qf5 19. Rg1 Ra6 20. Qd4 Be7 21. Bg4 Qg5 22. Rg3 Bxg4 23. Rxg4 Qf5 24. Ne2 Rg6 25. Rxg6 hxg6 26. Ng3 Qe6 27. Nf4 Qxe5+ 28. Qxe5 Nxe5 29. bxa3 Bxa3 30. Nd3 Nf3+ 31. Ke2 Nd4+ 32. Kd2 Rc8 33. c3 Nf3+ 34. Ke2 Nxh2 35. f3 Rxc3 36. Kf2 Rc2+ 37. Ne2 g5 38. Rh1 Bd6 39. Ndc1 g4 40. f4 Nf3 41. Kg3 f5 42. Rd1 Ba3 43. Kf2 Bxc1 44. Rxc1 Rxa2 45. Kg3 Rxe2 46. Rc8+ Kh7 47. Rh8+ Kg6 48. Rh6+ Kf7 49. Rf6+ Ke7 50. Rf7+ Kd6 51. Rd7+ Kc5 52. Rxb7 Re4 53. Rxg7 Nd4 54. Rf7 Re3+ 55. Kg2 Kd5 0-1

[Event "Quebec op"]
[Site "Montreal CAN"]
[Date "1989.07.22"]
[Round "1"]
[White "Maurer, Serge"]
[Black "Levtchouk, George"]
[Result "0-1"]
[WhiteElo "2338"]
[BlackElo "1860"]
[PlyCount "74"]
[GameId "2160767912502532"]
[EventDate "1989.07.22"]
[EventType "swiss"]
[EventRounds "8"]
[EventCountry "CAN"]
[SourceTitle "hb 2009.04"]

1. e4 g6 2. d4 Bg7 3. Nc3 d6 4. Nf3 a6 5. a4 b6 6. Bc4 e6 7. O-O Nf6 8. e5 dxe5 9. Nxe5 Bb7 10. Qe2 O-O 11. Nxf7 Rxf7 12. Qxe6 Qd7 13. Qxf7+ Qxf7 14. Bxf7+ Kxf7 15. Bf4 Ne8 16. Rad1 Nc6 17. Ne2 Rd8 18. c3 Rd7 19. Nc1 Nd6 20. Bxd6 cxd6 21. Nb3 a5 22. Rfe1 Ne7 23. Nd2 Bc6 24. Nc4 Nd5 25. Ra1 g5 26. g3 g4 27. h3 h5 28. hxg4 hxg4 29. Re4 Nf6 30. Ree1 Rd8 31. Ne3 Rh8 32. Ng2 Ne4 33. Re2 Ng5 34. Nh4 Nf3+ 35. Kf1 Nxh4 36. gxh4 Rxh4 37. Ree1 Bf3 0-1

[Event "Quebec op"]
[Site "Montreal CAN"]
[Date "1989.07.22"]
[Round "1"]
[White "Morin, Louis"]
[Black "Popov, Theodore"]
[Result "1-0"]
[WhiteElo "1951"]
[BlackElo "1628"]
[PlyCount "71"]
[GameId "2160767912502533"]
[EventDate "1989.07.22"]
[EventType "swiss"]
[EventRounds "8"]
[EventCountry "CAN"]
[SourceTitle "hb 2013"]

1. e4 c5 2. d4 e6 3. d5 Qc7 4. Nc3 a6 5. a4 d6 6. Nf3 e5 7. Nd2 f5 8. exf5 Bxf5 9. g4 Bd7 10. h4 Nh6 11. g5 Nf5 12. Nce4 Be7 13. Nc4 a5 14. c3 Na6 15. Qb3 O-O-O 16. Nb6+ Kb8 17. Nxd7+ Rxd7 18. Bxa6 h6 19. gxh6 gxh6 20. Bb5 Rdd8 21. h5 Nh4 22. Be3 Ng2+ 23. Kd2 Nxe3 24. fxe3 Rhg8 25. Raf1 Rg4 26. Nf2 Rg2 27. Bd3 Rf8 28. Ke1 Bg5 29. Ne4 Rxf1+ 30. Bxf1 Rg4 31. Nxg5 Rxg5 32. Bd3 Qf7 33. Rf1 Qxh5 34. Qb6 Qe8 35. Qxd6+ Ka8 36. Rf8 1-0

[Event "Quebec op"]
[Site "Montreal CAN"]
[Date "1989.07.22"]
[Round "1"]
[White "Saint-Pierre, Benoit"]
[Black "Glass, Martin"]
[Result "1-0"]
[WhiteElo "2126"]
[BlackElo "1817"]
[PlyCount "65"]
[GameId "2160767912502534"]
[EventDate "1989.07.22"]
[EventType "swiss"]
[EventRounds "8"]
[EventCountry "CAN"]
[SourceTitle "EXT 2022"]
[Source "ChessBase"]
[SourceDate "2021.10.06"]
[SourceVersion "1"]
[SourceVersionDate "2021.10.06"]
[SourceQuality "1"]

1. c4 Nf6 2. Nf3 g6 3. Nc3 Bg7 4. e4 d6 5. d4 O-O 6. Be2 e5 7. d5 a5 8. h4 Na6 9. Nd2 Nc5 10. b3 h5 11. Qc2 Bh6 12. f3 Bf4 13. Nf1 Bxc1 14. Qxc1 Kg7 15. Ne3 Bd7 16. Qd2 Rh8 17. Bd1 Qe7 18. Bc2 Rhb8 19. g3 Re8 20. O-O-O Reb8 21. Rdg1 b5 22. cxb5 Bxb5 23. g4 Kf8 24. Nxb5 Rxb5 25. Nf5 Qd8 26. Qh6+ Ke8 27. g5 Nfd7 28. f4 a4 29. Qh8+ Nf8 30. bxa4 Nxa4 31. fxe5 gxf5 32. e6 fxe4 33. Rf1 1-0

[Event "Quebec op"]
[Site "Montreal CAN"]
[Date "1989.07.23"]
[Round "2"]
[White "David, Eric"]
[Black "Berube, Richard"]
[Result "1/2-1/2"]
[WhiteElo "1978"]
[BlackElo "2156"]
[PlyCount "31"]
[GameId "2160767912502536"]
[EventDate "1989.07.22"]
[EventType "swiss"]
[EventRounds "8"]
[EventCountry "CAN"]
[SourceTitle "hb 2009.04"]

1. d4 Nf6 2. c4 g6 3. Nc3 d5 4. Bf4 Bg7 5. e3 c5 6. Nf3 cxd4 7. exd4 O-O 8. Be2 Nc6 9. O-O Bg4 10. c5 Rc8 11. h3 Bf5 12. Qb3 Na5 13. Qa4 Bd7 14. Qc2 Bf5 15. Qa4 Bd7 16. Qc2 1/2-1/2

[Event "Quebec op"]
[Site "Montreal CAN"]
[Date "1989.07.23"]
[Round "2"]
[White "Lagasse, Pascal"]
[Black "Billard, Michel"]
[Result "0-1"]
[WhiteElo "1950"]
[BlackElo "2086"]
[PlyCount "62"]
[GameId "2160767912502537"]
[EventDate "1989.07.22"]
[EventType "swiss"]
[EventRounds "8"]
[EventCountry "CAN"]
[SourceTitle "hb 2009.04"]

1. e4 e5 2. Nc3 Nc6 3. Bc4 Nf6 4. d3 Bc5 5. Nf3 d6 6. O-O Bg4 7. h3 Bh5 8. Be3 Nd4 9. g4 Nxg4 10. Nxd4 exd4 11. hxg4 Bg6 12. Bd2 dxc3 13. Bxc3 Qh4 14. Qf3 h5 15. Kg2 hxg4 16. Qg3 Qg5 17. Rh1 O-O-O 18. Rxh8 Rxh8 19. Rh1 Re8 20. Rh4 f5 21. Bxg7 Bh5 22. exf5 Qxf5 23. d4 Re1 24. Qd3 Qg5 25. Rh2 Bg6 26. Rh8+ Kd7 27. Bh6 Qf6 28. Rh7+ Bxh7 29. Qxh7+ Re7 30. Qd3 Bxd4 31. Bg5 Qxf2+ 0-1

[Event "Quebec op"]
[Site "Montreal CAN"]
[Date "1989.07.23"]
[Round "2"]
[White "Levtchouk, George"]
[Black "Cazelais, Marc"]
[Result "1-0"]
[WhiteElo "2305"]
[BlackElo "2015"]
[PlyCount "45"]
[GameId "2160767912502538"]
[EventDate "1989.07.22"]
[EventType "swiss"]
[EventRounds "8"]
[EventCountry "CAN"]
[SourceTitle "EXT 2002"]
[Source "ChessBase"]
[SourceDate "2001.11.25"]
[SourceVersion "1"]
[SourceVersionDate "2001.11.25"]
[SourceQuality "1"]

1. d4 Nf6 2. c4 g6 3. Nc3 Bg7 4. e4 d6 5. f3 O-O 6. Be3 Nbd7 7. Nh3 c5 8. d5 a6 9. a4 Rb8 10. Nf2 Ne8 11. Be2 f5 12. Qd2 Ndf6 13. exf5 gxf5 14. O-O Nc7 15. Rab1 a5 16. Rbe1 Qe8 17. Bd3 Kh8 18. Kh1 Bd7 19. Bf4 Qf7 20. Nh3 Rg8 21. Ng5 Qf8 22. Rxe7 h6 23. Nf7+ 1-0

[Event "Quebec op"]
[Site "Montreal CAN"]
[Date "1989.07.23"]
[Round "2"]
[White "Morin, Yves"]
[Black "Morin, Louis"]
[Result "1-0"]
[WhiteElo "1919"]
[BlackElo "2328"]
[PlyCount "69"]
[GameId "2160767912502539"]
[EventDate "1989.07.22"]
[EventType "swiss"]
[EventRounds "8"]
[EventCountry "CAN"]
[SourceTitle "hb 2009.04"]

1. e4 e5 2. Nf3 d6 3. d4 Nf6 4. Bd3 exd4 5. Nxd4 Nc6 6. c3 Be7 7. O-O O-O 8. f4 Re8 9. Kh1 Bf8 10. Nd2 g6 11. Qc2 d5 12. e5 Nxd4 13. cxd4 Ng4 14. Nf3 Nh6 15. Be3 Bf5 16. Rfd1 c6 17. Bf2 Bxd3 18. Rxd3 Be7 19. Rad1 Nf5 20. g4 Ng7 21. Rg1 Kh8 22. Rb3 Qd7 23. Nh4 Rg8 24. Rh3 Nh5 25. f5 Nf4 26. Rf3 g5 27. f6 gxh4 28. Rxf4 Bf8 29. Bxh4 c5 30. Bf2 c4 31. Rg3 Bh6 32. Rf5 Rg5 33. Rh3 Rg6 34. Qe2 Rag8 35. Rfh5 1-0

[Event "Quebec op"]
[Site "Montreal CAN"]
[Date "1989.07.23"]
[Round "2"]
[White "Spraggett, Grant"]
[Black "Gladu, Pierre"]
[Result "1-0"]
[WhiteElo "2259"]
[BlackElo "1924"]
[PlyCount "88"]
[GameId "2160767912502540"]
[EventDate "1989.07.22"]
[EventType "swiss"]
[EventRounds "8"]
[EventCountry "CAN"]
[SourceTitle "hb 2009.04"]

1. c4 Nf6 2. g3 g6 3. Bg2 Bg7 4. Nc3 O-O 5. d3 d6 6. e4 e5 7. Nge2 Nc6 8. O-O Ne8 9. Be3 Nd4 10. Qd2 c6 11. Rae1 Nc7 12. f4 f5 13. fxe5 dxe5 14. exf5 Bxf5 15. Ne4 Nce6 16. N2c3 Qe7 17. Nf2 g5 18. h3 Rad8 19. Nce4 h6 20. b4 b6 21. a4 Bg6 22. Ng4 Nf5 23. Bf2 Nfd4 24. Be3 Nf5 25. Ngf2 Nxe3 26. Rxe3 Rd4 27. Rfe1 Rfd8 28. Qc3 Bf8 29. b5 cxb5 30. axb5 Bg7 31. Kh2 Rc8 32. Ra1 Rc7 33. Qa3 Qxa3 34. Rxa3 Kf7 35. Nc3 Rdd7 36. Bc6 Rd8 37. Nd5 Rdd7 38. Nxc7 Rxc7 39. Bd5 Ke7 40. Ng4 Nd4 41. Nxe5 Bxe5 42. Rxe5+ Kd6 43. Re1 Nc2 44. Re6+ Kc5 1-0

[Event "Quebec op"]
[Site "Montreal CAN"]
[Date "1989.07.24"]
[Round "3"]
[White "Belanger, Jacques"]
[Black "Trottier, Alain"]
[Result "1-0"]
[WhiteElo "1895"]
[BlackElo "1782"]
[PlyCount "121"]
[GameId "2160767912502543"]
[EventDate "1989.07.22"]
[EventType "swiss"]
[EventRounds "8"]
[EventCountry "CAN"]
[SourceTitle "hb 2009.04"]

1. e4 g6 2. d4 Bg7 3. c3 d5 4. e5 Nh6 5. Ne2 O-O 6. Nf4 e6 7. Bd3 b6 8. h4 c5 9. h5 g5 10. Nh3 f6 11. exf6 Bxf6 12. Qd2 Nf7 13. f4 h6 14. fxg5 Bxg5 15. Nxg5 Nxg5 16. Qe2 Nc6 17. Bb5 Ne7 18. Qe5 Rf5 19. Qg3 Kh8 20. Bd3 Ne4 21. Bxe4 dxe4 22. Bxh6 Qg8 23. Qxg8+ Kxg8 24. dxc5 Rxc5 25. Nd2 Bb7 26. O-O-O Nf5 27. Bf4 e5 28. Bg5 e3 29. Nb3 Rc4 30. Rhe1 Bxg2 31. Bxe3 Bf3 32. Nd2 Bxd1 33. Nxc4 Bxh5 34. Nxe5 Re8 35. Bd4 Nxd4 36. cxd4 Rd8 37. Rh1 Be8 38. Rd1 Kg7 39. Rd2 Rc8+ 40. Kd1 Bh5+ 41. Ke1 Kf6 42. Kf2 Ke6 43. Ke3 Kd5 44. Kf4 Rf8+ 45. Kg5 Be8 46. Ng4 Rg8+ 47. Kf4 Rf8+ 48. Ke3 Bh5 49. Ne5 Rf1 50. Rh2 Re1+ 51. Kd2 Rd1+ 52. Kc2 Be2 53. Rxe2 Rxd4 54. Nf3 Rf4 55. Nd2 b5 56. Nb3 Ra4 57. a3 Rh4 58. Re7 Rh2+ 59. Kb1 Rh1+ 60. Ka2 b4 61. Rxa7 1-0

[Event "Quebec op"]
[Site "Montreal CAN"]
[Date "1989.07.24"]
[Round "3"]
[White "Berube, Richard"]
[Black "Desforges, Jean"]
[Result "1/2-1/2"]
[WhiteElo "2156"]
[BlackElo "1944"]
[PlyCount "148"]
[GameId "2160767912502544"]
[EventDate "1989.07.22"]
[EventType "swiss"]
[EventRounds "8"]
[EventCountry "CAN"]
[SourceTitle "hb 2009.04"]

1. d4 d5 2. Nf3 Nf6 3. c4 e6 4. Nc3 Be7 5. Bg5 O-O 6. e3 Nbd7 7. Rc1 c6 8. Bd3 dxc4 9. Bxc4 Nd5 10. Bxe7 Qxe7 11. O-O Nxc3 12. Rxc3 e5 13. Re1 e4 14. Nd2 Nb6 15. Bb3 Be6 16. Bc2 f5 17. Bb1 Rf6 18. f3 Bd5 19. Rf1 Raf8 20. fxe4 fxe4 21. Rxf6 Qxf6 22. Qe2 Qe6 23. b3 Nd7 24. Rc1 Rf6 25. Rf1 Rxf1+ 26. Nxf1 c5 27. dxc5 Nxc5 28. Ng3 Bc6 29. Nh5 Qd7 30. Nf4 Bb5 31. Qh5 Nd3 32. Qd5+ Qxd5 33. Nxd5 Kf7 34. Nc3 Bc6 35. Kf1 Ke6 36. Ke2 Ke5 37. g3 Nb4 38. a3 Na6 39. b4 Nc7 40. Nd1 Nd5 41. Ba2 Ba4 42. Nb2 Bb5+ 43. Kd2 Nf6 44. a4 Bd7 45. Nc4+ Kf5 46. h3 Bxa4 47. Nd6+ Kg5 48. Be6 Bc6 49. b5 Bd5 50. Bxd5 Nxd5 51. Nxb7 Kf5 52. Nd6+ Ke5 53. Nc8 Nb6 54. Nxa7 Kd5 55. Nc6 Kc5 56. Nd4 Nc4+ 57. Ke2 g6 58. Ne6+ Kxb5 59. Nf8 Kc5 60. Nxh7 Kd6 61. h4 Ke6 62. Kf2 Kf5 63. Ng5 Nd6 64. Nh3 Nc4 65. Ng5 Nd6 66. Nh7 Nc4 67. Nf8 Ne5 68. Kf1 Nc4 69. Ke2 Ne5 70. Nh7 Kg4 71. Kf2 Nd3+ 72. Kg2 Ne1+ 73. Kf1 Nd3 74. Kg2 Ne1+ 1/2-1/2

[Event "Quebec op"]
[Site "Montreal CAN"]
[Date "1989.07.24"]
[Round "3"]
[White "Billard, Michel"]
[Black "Levtchouk, George"]
[Result "1-0"]
[WhiteElo "2086"]
[BlackElo "2338"]
[PlyCount "87"]
[GameId "2160767912502545"]
[EventDate "1989.07.22"]
[EventType "swiss"]
[EventRounds "8"]
[EventCountry "CAN"]
[SourceTitle "hb 2009.04"]

1. e4 g6 2. d4 Bg7 3. Nc3 d6 4. f4 Nc6 5. Be3 Nf6 6. h3 O-O 7. Nf3 e6 8. Bd3 Ne7 9. O-O b6 10. Qe1 Bb7 11. Rd1 Qc8 12. Qh4 a6 13. Bc1 c5 14. e5 Nfd5 15. Nxd5 Nxd5 16. Ng5 h6 17. Ne4 dxe5 18. fxe5 Qd8 19. Nf6+ Nxf6 20. exf6 Qxd4+ 21. Qxd4 cxd4 22. fxg7 Kxg7 23. Bd2 e5 24. Bb4 Rfe8 25. g4 Rac8 26. Rc1 Re6 27. b3 b5 28. a4 e4 29. Be2 Rec6 30. axb5 axb5 31. Bxb5 Rxc2 32. Rxc2 Rxc2 33. Bc4 f6 34. Be7 e3 35. Bxf6+ Kh7 36. Ra1 Rg2+ 37. Kf1 Rf2+ 38. Ke1 Rxf6 39. Ra7 h5 40. Rxb7+ Kh6 41. Rd7 Rf4 42. Be2 hxg4 43. hxg4 Kg5 44. Rd6 1-0

[Event "Quebec op"]
[Site "Montreal CAN"]
[Date "1989.07.24"]
[Round "3"]
[White "Cazelais, Marc"]
[Black "Larocque, Denis"]
[Result "1/2-1/2"]
[WhiteElo "2015"]
[BlackElo "1872"]
[PlyCount "117"]
[GameId "2160767912502546"]
[EventDate "1989.07.22"]
[EventType "swiss"]
[EventRounds "8"]
[EventCountry "CAN"]
[SourceTitle "hb 2009.04"]

1. e4 c6 2. d4 d5 3. Nc3 dxe4 4. Nxe4 Bf5 5. Ng3 Bg6 6. h4 h6 7. Nf3 Nd7 8. h5 Bh7 9. Bd3 Bxd3 10. Qxd3 Qc7 11. Bd2 e6 12. O-O-O Ngf6 13. Kb1 O-O-O 14. c4 c5 15. Qc2 cxd4 16. Nxd4 a6 17. Rc1 Bc5 18. Bc3 Nb8 19. Nb3 Be7 20. Ba5 b6 21. Bc3 Nc6 22. Ne2 Kb7 23. Ned4 Rhg8 24. Nxc6 Qxc6 25. c5 Bxc5 26. Bb4 Qe4 27. Bxc5 Qxc2+ 28. Rxc2 bxc5 29. Nxc5+ Ka7 30. Rc4 Rd5 31. Na4 Rb8 32. g4 Rd2 33. f3 Rf2 34. Rc3 Nd5 35. Rd3 Rb4 36. b3 Rb7 37. Nc5 Rc7 38. Ne4 Re2 39. Rd2 Rxd2 40. Nxd2 Kb7 41. Rc1 Rxc1+ 42. Kxc1 g6 43. Nc4 gxh5 44. gxh5 Kc7 45. Ne5 f6 46. Ng4 Nf4 47. Nxh6 Nxh5 48. Kd2 Kd6 49. Ng4 f5 50. Ne3 Nf4 51. b4 Nd5 52. Nxd5 Kxd5 53. Kd3 e5 54. a4 e4+ 55. fxe4+ fxe4+ 56. Ke3 Kc4 57. b5 axb5 58. axb5 Kxb5 59. Kxe4 1/2-1/2

[Event "Quebec op"]
[Site "Montreal CAN"]
[Date "1989.07.24"]
[Round "3"]
[White "Frappier, Clement"]
[Black "Bouton, Christophe"]
[Result "0-1"]
[WhiteElo "1844"]
[BlackElo "2038"]
[PlyCount "92"]
[GameId "2160767912502548"]
[EventDate "1989.07.22"]
[EventType "swiss"]
[EventRounds "8"]
[EventCountry "CAN"]
[SourceTitle "hb 2009.04"]

1. e4 c5 2. d4 cxd4 3. Nf3 Nc6 4. Nxd4 Nf6 5. Nc3 e5 6. Nde2 Bc5 7. h3 Qb6 8. Be3 Bxe3 9. fxe3 Qxe3 10. Qd3 Qxd3 11. cxd3 d5 12. O-O-O d4 13. Nb5 O-O 14. g4 Rd8 15. Ng3 Ne8 16. Nf5 Be6 17. b3 a6 18. Na3 Nc7 19. Rh2 Nb5 20. Nxb5 axb5 21. Kb1 Ra3 22. Rc1 Rda8 23. Rb2 Nb4 24. Rc7 Nxa2 25. Ne7+ Kf8 26. Nd5 Bxd5 27. exd5 Nc3+ 28. Kc2 Ra1 29. Bg2 Re1 30. Rxc3 Re2+ 31. Kb1 Rxb2+ 32. Kxb2 dxc3+ 33. Kxc3 Ke7 34. Kb4 Kd6 35. h4 Ra2 36. Be4 g6 37. Kxb5 Rb2 38. b4 f6 39. h5 gxh5 40. gxh5 Rh2 41. Bxh7 Rxh5 42. Be4 f5 43. Bf3 Rh4 44. Ka5 Rd4 45. b5 Kc5 46. d6 b6+ 0-1

[Event "Quebec op"]
[Site "Montreal CAN"]
[Date "1989.07.24"]
[Round "3"]
[White "Gaudreau, Alain"]
[Black "Lagasse, Pascal"]
[Result "0-1"]
[WhiteElo "1739"]
[BlackElo "1950"]
[PlyCount "78"]
[GameId "2160767912502549"]
[EventDate "1989.07.22"]
[EventType "swiss"]
[EventRounds "8"]
[EventCountry "CAN"]
[SourceTitle "hb 2009.04"]

1. e4 c5 2. Nf3 d6 3. d4 cxd4 4. Nxd4 Nf6 5. Nc3 g6 6. Be3 Bg7 7. f3 O-O 8. Bc4 Nc6 9. Qd2 Bd7 10. Bb3 Ne5 11. O-O-O Rc8 12. Nde2 b5 13. Bxa7 Nc4 14. Bxc4 Rxc4 15. Bd4 b4 16. Nd5 e5 17. Bxe5 Nxe4 18. Qd3 Bxe5 19. Qxc4 Nf2 20. Qxb4 Nxh1 21. Rxh1 Qg5+ 22. f4 Qxg2 23. Ne7+ Kg7 24. Ng3 Bf6 25. Qxd6 Be6 26. Qc6 Qf2 27. Ne4 Qxf4+ 28. Kb1 Bxe7 29. Qc3+ f6 30. Nc5 Bf5 31. Nd3 Qf3 32. Re1 Bd6 33. Qd2 Rc8 34. Re3 Qc6 35. Nc1 Bf4 36. Re7+ Kf8 37. Qxf4 Kxe7 38. Qh6 Bxc2+ 39. Ka1 Bf5 0-1

[Event "Quebec op"]
[Site "Montreal CAN"]
[Date "1989.07.24"]
[Round "3"]
[White "Morin, Louis"]
[Black "Hamel, Jean-Claude"]
[Result "1-0"]
[WhiteElo "1919"]
[BlackElo "1811"]
[PlyCount "27"]
[GameId "2160767912502551"]
[EventDate "1989.07.22"]
[EventType "swiss"]
[EventRounds "8"]
[EventCountry "CAN"]
[SourceTitle "hb 2009.04"]

1. e4 d6 2. d4 Nf6 3. Nc3 g6 4. f3 c6 5. Be3 b5 6. Qd2 Nbd7 7. d5 a6 8. dxc6 Ne5 9. Nd5 Nxc6 10. Bb6 Qd7 11. Nc7+ Kd8 12. Nxa8+ Ke8 13. Nc7+ Kd8 14. Nxa6+ 1-0

[Event "Quebec op"]
[Site "Montreal CAN"]
[Date "1989.07.24"]
[Round "3"]
[White "Vallieres, Mario"]
[Black "Spraggett, Grant"]
[Result "0-1"]
[WhiteElo "2023"]
[BlackElo "2259"]
[PlyCount "90"]
[GameId "2160767912502553"]
[EventDate "1989.07.22"]
[EventType "swiss"]
[EventRounds "8"]
[EventCountry "CAN"]
[SourceTitle "hb 2009.04"]

1. d4 Nf6 2. Nc3 d5 3. Bg5 Bf5 4. f3 Nbd7 5. e3 c6 6. Bd3 Bg6 7. Nge2 e5 8. O-O Be7 9. Ng3 O-O 10. Nf5 Re8 11. Ne2 Bf8 12. c3 Qb6 13. b4 e4 14. fxe4 Nxe4 15. Bxe4 Rxe4 16. Neg3 Re6 17. Qg4 Rae8 18. Rae1 f6 19. Bf4 Kh8 20. h4 Qd8 21. h5 Bxf5 22. Nxf5 Nb6 23. Rf3 Qd7 24. Rg3 Nc4 25. Nh4 Bd6 26. Rf1 Nd2 27. Ng6+ Kg8 28. Rd1 Ne4 29. Rf3 hxg6 30. hxg6 Bxf4 31. Qxf4 Rd6 32. Rh3 Kf8 33. Rh7 Qe6 34. Qh4 Rd7 35. Rh8+ Ke7 36. Rxe8+ Kxe8 37. Qh8+ Ke7 38. Qxg7+ Kd8 39. Qh8+ Kc7 40. Rf1 Qe7 41. Qh6 Ng5 42. Kf2 Rd8 43. Qh2+ Kb6 44. Ke2 Re8 45. Qg1 Qg7 0-1

[Event "Quebec op"]
[Site "Montreal CAN"]
[Date "1989.07.25"]
[Round "4"]
[White "Gaulin, Gaetan"]
[Black "Bouton, Christophe"]
[Result "0-1"]
[WhiteElo "1957"]
[BlackElo "2038"]
[PlyCount "116"]
[GameId "2160767912502556"]
[EventDate "1989.07.22"]
[EventType "swiss"]
[EventRounds "8"]
[EventCountry "CAN"]
[SourceTitle "hb 2009.04"]

1. c4 e5 2. Nc3 Nf6 3. g3 c6 4. Bg2 d5 5. cxd5 cxd5 6. Qb3 e4 7. Nh3 Na6 8. Nf4 Nc5 9. Qc2 g5 10. d4 Na6 11. Nh3 h6 12. f3 Nb4 13. Qd1 Bg7 14. O-O O-O 15. Nf2 exf3 16. exf3 Bf5 17. Bd2 Qb6 18. Rc1 Nc6 19. Na4 Qxd4 20. Bc3 Qxd1 21. Rfxd1 Rad8 22. Nc5 Bc8 23. Nb3 Rfe8 24. Nd4 Nxd4 25. Bxd4 a6 26. Nd3 Nh7 27. Bxg7 Kxg7 28. Kf2 Nf8 29. f4 Bg4 30. Bf3 Bxf3 31. Kxf3 Ng6 32. fxg5 hxg5 33. Rc7 Re7 34. Rdc1 Rde8 35. Rxe7 Rxe7 36. Rc8 Kf6 37. Ra8 Re4 38. Rc8 g4+ 39. Kf2 b6 40. Rc6+ Re6 41. Rc7 Rd6 42. Ke3 d4+ 43. Kd2 Ke6 44. Ke2 f5 45. Kd2 Kf6 46. Rb7 a5 47. a4 Nf8 48. Rc7 Nd7 49. Rc8 Ke7 50. Rc1 Nf6 51. Rc8 Ne4+ 52. Kc2 Kd7 53. Rc4 Nf6 54. Kd2 Ke7 55. Rc8 Ne4+ 56. Kd1 Rh6 57. Rc2 Kd6 58. Ke1 Ng5 0-1

[Event "Quebec op"]
[Site "Montreal CAN"]
[Date "1989.07.25"]
[Round "4"]
[White "Klarner, William"]
[Black "Gagnon, Michel"]
[Result "1/2-1/2"]
[WhiteElo "2141"]
[BlackElo "2017"]
[PlyCount "125"]
[GameId "2160767912502557"]
[EventDate "1989.07.22"]
[EventType "swiss"]
[EventRounds "8"]
[EventCountry "CAN"]
[SourceTitle "EXT 2022"]
[Source "ChessBase"]
[SourceDate "2021.10.06"]
[SourceVersion "1"]
[SourceVersionDate "2021.10.06"]
[SourceQuality "1"]

1. e4 c5 2. Nf3 e6 3. d3 Nc6 4. g3 g6 5. Bg2 Bg7 6. O-O Nge7 7. Re1 O-O 8. c3 a6 9. Nbd2 b6 10. Nf1 Bb7 11. h4 d5 12. e5 d4 13. c4 Nb8 14. N1h2 Nd7 15. Bf4 Rc8 16. Ng4 Nf5 17. Nd2 Bxg2 18. Kxg2 h5 19. Nh2 Qc7 20. Qe2 Bh6 21. Bg5 Bg7 22. Bf4 Rce8 23. Ndf3 Qc6 24. Qe4 Qxe4 25. Rxe4 Rb8 26. g4 Nh6 27. Bxh6 Bxh6 28. gxh5 gxh5 29. Nf1 Kh7 30. Ng3 Rg8 31. Kh3 Rg4 32. Rxg4 hxg4+ 33. Kxg4 Rg8+ 34. Kh3 Rb8 35. Re1 b5 36. b3 bxc4 37. dxc4 a5 38. Ne4 a4 39. bxa4 Rb4 40. Rg1 Rxa4 41. Nfg5+ Bxg5 42. Rxg5 Rxa2 43. Rg3 Re2 44. Ng5+ Kg6 45. h5+ Kxh5 46. Nxf7 Rxe5 47. Nxe5 Nxe5 48. f4 Nxc4 49. Rg5+ Kh6 50. Rxc5 Ne3 51. Rc6 Kg6 52. Rd6 Kf5 53. Rxd4 e5 54. fxe5 Kxe5 55. Ra4 Nd5 56. Kg4 Nf6+ 57. Kg5 Ne4+ 58. Kg6 Nc5 59. Ra5 Kd6 60. Kf5 Kd5 61. Kf6 Kd6 62. Ra3 Kd5 63. Kf5 1/2-1/2

[Event "Quebec op"]
[Site "Montreal CAN"]
[Date "1989.07.25"]
[Round "4"]
[White "Labelle, Jacques"]
[Black "Saint-Pierre, Benoit"]
[Result "1/2-1/2"]
[WhiteElo "2092"]
[BlackElo "2126"]
[PlyCount "90"]
[GameId "2160767912502558"]
[EventDate "1989.07.22"]
[EventType "swiss"]
[EventRounds "8"]
[EventCountry "CAN"]
[SourceTitle "EXT 2022"]
[Source "ChessBase"]
[SourceDate "2021.10.06"]
[SourceVersion "1"]
[SourceVersionDate "2021.10.06"]
[SourceQuality "1"]

1. e4 c5 2. Nf3 Nc6 3. d4 cxd4 4. Nxd4 Nf6 5. Nc3 e5 6. Ndb5 d6 7. Nd5 Nxd5 8. exd5 Nb8 9. c4 a6 10. Nc3 Be7 11. Be2 O-O 12. O-O f5 13. Kh1 f4 14. Bg4 Bxg4 15. Qxg4 Rf6 16. Bd2 Nd7 17. Qe2 Rh6 18. Rae1 Qf8 19. Ne4 Qf7 20. Rc1 Rf8 21. Rc3 a5 22. Rb3 b6 23. Re1 Qf5 24. Rc1 g5 25. f3 Rg6 26. h3 Bd8 27. Be1 h5 28. Rcc3 Rf7 29. Nf2 Rh7 30. Kg1 Rhg7 31. Qc2 Qf7 32. Ne4 g4 33. fxg4 hxg4 34. hxg4 Rxg4 35. Rh3 Qg6 36. g3 Nc5 37. Qh2 Qxe4 38. Rh8+ Kf7 39. Qh5+ Ke7 40. Qe8+ Kf6 41. Rf8+ Kg5 42. Qxd8+ Kh6 43. Rh8+ Rh7 44. Qf8+ Rgg7 45. Qf6+ Kh5 1/2-1/2

[Event "Quebec op"]
[Site "Montreal CAN"]
[Date "1989.07.25"]
[Round "4"]
[White "Lagasse, Pascal"]
[Black "Berube, Richard"]
[Result "1-0"]
[WhiteElo "1950"]
[BlackElo "2156"]
[PlyCount "65"]
[GameId "2160767912502559"]
[EventDate "1989.07.22"]
[EventType "swiss"]
[EventRounds "8"]
[EventCountry "CAN"]
[SourceTitle "hb 2009.04"]

1. e4 c5 2. Nf3 Nc6 3. d4 cxd4 4. Nxd4 e6 5. Nc3 a6 6. Be2 Qc7 7. O-O Nf6 8. Be3 Bb4 9. Nxc6 bxc6 10. Qd4 c5 11. Qc4 Bb7 12. Bf3 O-O 13. e5 Bxf3 14. exf6 d5 15. Qh4 Bxc3 16. bxc3 Be4 17. Bh6 Bg6 18. Bxg7 Rfb8 19. Qh6 Qd6 20. h4 d4 21. h5 Bxc2 22. c4 Rb4 23. Qg5 Rxc4 24. Bh6+ Bg6 25. hxg6 hxg6 26. Rab1 Rb8 27. Qf4 Rcb4 28. Rxb4 Rxb4 29. Qe4 Qd5 30. Qf4 Qd7 31. Qe5 Qc6 32. Rc1 c4 33. Qxd4 1-0

[Event "Quebec op"]
[Site "Montreal CAN"]
[Date "1989.07.25"]
[Round "4"]
[White "Levtchouk, George"]
[Black "Morin, Louis"]
[Result "1-0"]
[WhiteElo "2238"]
[BlackElo "1919"]
[PlyCount "99"]
[GameId "2160767912502560"]
[EventDate "1989.07.22"]
[EventType "swiss"]
[EventRounds "8"]
[EventCountry "CAN"]
[SourceTitle "hb 2009.04"]

1. c4 e6 2. d4 d5 3. Nc3 c5 4. e3 Nc6 5. Nf3 Nf6 6. Bd3 dxc4 7. Bxc4 cxd4 8. exd4 Be7 9. O-O O-O 10. Re1 b6 11. a3 Bb7 12. Bg5 Nd5 13. Ne4 Bxg5 14. Nexg5 h6 15. Ne4 Rc8 16. Ba2 Nde7 17. Qd3 Nf5 18. Rad1 Nce7 19. Bb1 Bd5 20. Ne5 f6 21. Nf3 Bc4 22. Qd2 Ng6 23. Nc3 Nfe7 24. Qe3 Re8 25. Nd2 Bd5 26. Qg3 Nf8 27. Nxd5 exd5 28. Nf1 Qc7 29. Qf3 Qd6 30. Ne3 Ne6 31. Nf5 Nxf5 32. Qxf5 Nf8 33. Ba2 Rxe1+ 34. Rxe1 Rd8 35. h4 Qd7 36. Qd3 Kf7 37. Qf3 Ne6 38. Qg4 Nf8 39. Qh5+ Kg8 40. Rc1 Ne6 41. Qg4 Nf8 42. Qf3 Ne6 43. Qe3 Qd6 44. g3 Kf7 45. Bb1 Nf8 46. Re1 Qe6 47. Qc3 Qc8 48. Qf3 Qc6 49. Qh5+ Kg8 50. Re7 1-0